000 004830000a22002050004500
999 _c48751
_d48751
001 1592
003 CO-MdFUSB
005 20171031180245.0
008 171031b xxu||||| |||| 00| 0 eng d
020 _a978-84-670-2324-4
040 _cCO-MdBIC
082 0 4 _a863N D447c
100 1 _aRojas, Fernando de
245 1 0 _aCelestina / Fernando de Rojas
250 _aEdición Pedro M. Piñero
260 _aMadrid : Espasa
300 _a420 P.
650 1 4 _aTeatro
942 _cLGB